<?xml version="1.0" encoding="UTF-8"?>
<record
    xmlns:xsi="http://www.w3.org/2001/XMLSchema-instance"
    xsi:schemaLocation="http://www.loc.gov/MARC21/slim http://www.loc.gov/standards/marcxml/schema/MARC21slim.xsd"
    xmlns="http://www.loc.gov/MARC21/slim">

  <leader>01144nam2a22002651  4500</leader>
  <controlfield tag="001">rc\327567</controlfield>
  <controlfield tag="005">20250621064244.0</controlfield>
  <datafield tag="010" ind1=" " ind2=" ">
    <subfield code="a">5-225-01518-2</subfield>
    <subfield code="9">7000</subfield>
  </datafield>
  <datafield tag="035" ind1=" " ind2=" ">
    <subfield code="a">(NLR Aleph) 005631962</subfield>
  </datafield>
  <datafield tag="090" ind1=" " ind2=" ">
    <subfield code="a">6583555</subfield>
    <subfield code="c">6583555</subfield>
  </datafield>
  <datafield tag="100" ind1=" " ind2=" ">
    <subfield code="a">20030307d1989    |||y0rusy50      ca</subfield>
  </datafield>
  <datafield tag="101" ind1="0" ind2=" ">
    <subfield code="a">rus</subfield>
  </datafield>
  <datafield tag="102" ind1=" " ind2=" ">
    <subfield code="a">RU</subfield>
  </datafield>
  <datafield tag="105" ind1=" " ind2=" ">
    <subfield code="a">a   |||||||||</subfield>
  </datafield>
  <datafield tag="200" ind1="0" ind2=" ">
    <subfield code="a">&#x422;. 2</subfield>
  </datafield>
  <datafield tag="210" ind1=" " ind2=" ">
    <subfield code="d">1989</subfield>
    <subfield code="a">&#x411;. &#x43C;.</subfield>
  </datafield>
  <datafield tag="215" ind1=" " ind2=" ">
    <subfield code="a">427, [1] &#x441;.</subfield>
    <subfield code="c">&#x438;&#x43B;.</subfield>
  </datafield>
  <datafield tag="320" ind1=" " ind2=" ">
    <subfield code="a">&#x411;&#x438;&#x431;&#x43B;&#x438;&#x43E;&#x433;&#x440;.: &#x441;. 388-416</subfield>
  </datafield>
  <datafield tag="320" ind1=" " ind2=" ">
    <subfield code="a">&#x41F;&#x440;&#x435;&#x434;&#x43C;. &#x443;&#x43A;&#x430;&#x437;.: &#x441;. 417-428</subfield>
  </datafield>
  <datafield tag="461" ind1=" " ind2="0">
    <subfield code="1">001rc\327565</subfield>
    <subfield code="1">2001#$a&#x418;&#x437;&#x431;&#x438;&#x440;&#x430;&#x442;&#x435;&#x43B;&#x44C;&#x43D;&#x430;&#x44F; &#x442;&#x43E;&#x43A;&#x441;&#x438;&#x447;&#x43D;&#x43E;&#x441;&#x442;&#x44C;$e&#x424;&#x438;&#x437;.-&#x445;&#x438;&#x43C; &#x43E;&#x441;&#x43D;&#x43E;&#x432;&#x44B; &#x442;&#x435;&#x440;&#x430;&#x43F;&#x438;&#x438;$e&#x412; 2 &#x442;.$f&#x41F;&#x435;&#x440;. &#x441; &#x430;&#x43D;&#x433;&#x43B;. &#x41C;.&#x410;. &#x414;&#x443;&#x43C;&#x43F;&#x438;&#x441;, &#x41C;.&#x411;. &#x413;&#x430;&#x43D;&#x438;&#x43D;&#x43E;&#x439;$g&#x41F;&#x43E;&#x434; &#x440;&#x435;&#x434;. &#x412;.&#x410;. &#x424;&#x438;&#x43B;&#x43E;&#x432;&#x430;$v&#x422;. 2</subfield>
    <subfield code="1">700#1$a&#x410;&#x43B;&#x44C;&#x431;&#x435;&#x440;&#x442;$b&#x410;.</subfield>
    <subfield code="9">6583539</subfield>
    <subfield code="a">&#x410;&#x43B;&#x44C;&#x431;&#x435;&#x440;&#x442;, &#x410;.</subfield>
    <subfield code="c">&#x41C;.</subfield>
    <subfield code="d">1989</subfield>
    <subfield code="f">&#x41F;&#x435;&#x440;. &#x441; &#x430;&#x43D;&#x433;&#x43B;. &#x41C;.&#x410;. &#x414;&#x443;&#x43C;&#x43F;&#x438;&#x441;, &#x41C;.&#x411;. &#x413;&#x430;&#x43D;&#x438;&#x43D;&#x43E;&#x439;</subfield>
    <subfield code="n">&#x41C;&#x435;&#x434;&#x438;&#x446;&#x438;&#x43D;&#x430;</subfield>
    <subfield code="o">&#x424;&#x438;&#x437;.-&#x445;&#x438;&#x43C; &#x43E;&#x441;&#x43D;&#x43E;&#x432;&#x44B; &#x442;&#x435;&#x440;&#x430;&#x43F;&#x438;&#x438; : &#x412; 2 &#x442;.</subfield>
    <subfield code="t">&#x418;&#x437;&#x431;&#x438;&#x440;&#x430;&#x442;&#x435;&#x43B;&#x44C;&#x43D;&#x430;&#x44F; &#x442;&#x43E;&#x43A;&#x441;&#x438;&#x447;&#x43D;&#x43E;&#x441;&#x442;&#x44C;</subfield>
    <subfield code="v">&#x422;. 2</subfield>
  </datafield>
  <datafield tag="801" ind1=" " ind2="0">
    <subfield code="a">RU</subfield>
    <subfield code="b">NLR</subfield>
    <subfield code="g">psbo</subfield>
  </datafield>
  <datafield tag="801" ind1=" " ind2="1">
    <subfield code="a">RU</subfield>
    <subfield code="b">ELAR</subfield>
    <subfield code="2">rusmarc</subfield>
  </datafield>
  <datafield tag="852" ind1=" " ind2=" ">
    <subfield code="a">NLR</subfield>
    <subfield code="j">89-5/3867</subfield>
  </datafield>
  <datafield tag="942" ind1=" " ind2=" ">
    <subfield code="c">BOOK</subfield>
  </datafield>
  <datafield tag="980" ind1=" " ind2=" ">
    <subfield code="a">NB</subfield>
  </datafield>
  <datafield tag="995" ind1=" " ind2=" ">
    <subfield code="5">2013-10-26</subfield>
    <subfield code="b">NLR01</subfield>
    <subfield code="c">NLR01</subfield>
    <subfield code="e">RF9</subfield>
    <subfield code="f">5631962-10</subfield>
    <subfield code="k">89-5/3867</subfield>
    <subfield code="o">0</subfield>
    <subfield code="r">BOOK</subfield>
    <subfield code="s">8953867_</subfield>
  </datafield>
  <datafield tag="995" ind1=" " ind2=" ">
    <subfield code="5">2014-01-16</subfield>
    <subfield code="a">aa</subfield>
    <subfield code="b">NLR01</subfield>
    <subfield code="c">NLR01</subfield>
    <subfield code="e">OZ3</subfield>
    <subfield code="f">1-260334</subfield>
    <subfield code="k">&#x41C;1 &#x420;35/&#x410;-561</subfield>
    <subfield code="o">0</subfield>
    <subfield code="p">369.00</subfield>
    <subfield code="r">BOOK</subfield>
    <subfield code="s">1_35561</subfield>
  </datafield>
</record>
